Leadership behavior, teacher morale, and unexpected teacher absenteeism in selected elementary schools in an urban school district /

Bibliographic Details
Main Author: Shaw, James Donald, 1940-
Format: Thesis Microform Book
Language:English
Published: [Place of publication not identified] : [publisher not identified] ; 1980.
Subjects:

MARC

Tag First Indicator Second Indicator Subfields
LEADER 00000cam a2200000 a 4500
001 in00000031269
005 20151007060348.0
007 he amb|||||||
008 880920r19811980miu bb 00010 eng d
035 |a (OCoLC)18503295 
035 |9 AAC0662AM 
040 |a TXA  |c TXA  |d UtOrBLW 
043 |a n-us-fl 
049 |a TXAI 
099 |a fiche  |a C  |a 7358 
100 1 |a Shaw, James Donald,  |d 1940- 
245 1 0 |a Leadership behavior, teacher morale, and unexpected teacher absenteeism in selected elementary schools in an urban school district /  |c by James Donald Shaw. 
264 1 |a [Place of publication not identified] :  |b [publisher not identified] ;  |c 1980. 
300 |a viii, 148 leaves. 
336 |a text  |b txt  |2 rdacontent 
337 |a microform  |b h  |2 rdamedia 
338 |a microfiche  |b he  |2 rdacarrier 
502 |b Ed. D.  |c University of Florida  |d 1980. 
500 |a Vita. 
504 |a Bibliography: leaves 138-147. 
533 |a Microfiche.  |b Ann Arbor, Mich. :  |c University Microfilms International,  |d 1981.  |e 2 microfiches ; 11 x 15 cm. 
500 |a Microform. 
650 0 |a Teachers  |x Leaves of absence. 
650 0 |a Leadership. 
650 0 |a Teacher morale. 
650 0 |a Elementary school teachers  |z Florida  |z Orange County. 
999 |a MARS 
999 f f |s 27f1707d-2b60-3d1c-ac09-a61d6d145e07  |i eb0e1a83-7d7c-33ee-a248-1125074c4c0c  |t 0 
952 f f |p normal  |a Texas A&M University  |b College Station  |c Sterling C. Evans Library  |d Evans: Microforms (3rd floor)  |t 0  |e fiche C 7358  |h Other scheme  |i microform -- microfiche  |m A14823062557 
998 f f |a fiche C 7358  |t 0  |l Evans: Microforms (3rd floor)